[Event "CAN-op"]
[Site "Windsor CAN"]
[Date "1991.07.17"]
[Round "6"]
[White "O'Donnell, Tom"]
[Black "Hergott, Deen"]
[Result "1/2-1/2"]
[WhiteElo "2465"]
[BlackElo "2497"]
[PlyCount "82"]
[EventDate "1991.07.13"]
[EventType "swiss"]
[EventRounds "10"]
[EventCountry "CAN"]

1. e4 e6 2. d4 d5 3. Nd2 Nf6 4. e5 Nfd7 5. f4 c5 6. c3 Nc6 7. Ndf3 Qa5 8. Be3
cxd4 9. Nxd4 Nxd4 10. Bxd4 Nb8 11. Nf3 Bd7 12. a4 Nc6 13. Be2 Be7 14. O-O O-O
15. Qd2 Rac8 16. Kh1 Qc7 17. Qe3 Nxd4 18. Nxd4 Qb6 19. Qd2 a5 20. Rf3 f6 21.
Rh3 Bc5 22. Bd3 f5 23. Bb5 Rfd8 24. Bxd7 Rxd7 25. Nb5 d4 26. Rd1 Rcd8 27. cxd4
Bxd4 28. Nd6 Bc5 29. Rd3 Bb4 30. Qe3 Qxe3 31. Rxe3 Bxd6 32. Red3 Kf7 33. exd6
Kf6 34. Kg1 b6 35. Kf2 e5 36. fxe5+ Kxe5 37. Re1+ Kf6 38. Red1 Ke5 39. Re1+ Kf6
40. Red1 Ke6 41. Re3+ Kf6 1/2-1/2

[Event "CAN-op"]
[Site "Windsor CAN"]
[Date "1991.07.18"]
[Round "7"]
[White "Hergott, Deen"]
[Black "Browne, Walter"]
[Result "0-1"]
[WhiteElo "2497"]
[BlackElo "2525"]
[PlyCount "61"]
[EventDate "1991.07.13"]
[EventType "swiss"]
[EventRounds "10"]
[EventCountry "CAN"]

1. Nf3 Nf6 2. c4 e6 3. g3 b6 4. Bg2 c5 5. O-O Bb7 6. Nc3 Be7 7. Re1 d5 8. cxd5
exd5 9. d4 O-O 10. Bg5 Ne4 11. Bxe7 Qxe7 12. Rc1 Rd8 13. e3 Nc6 14. dxc5 Nxc3
15. Rxc3 bxc5 16. Qa4 Nb4 17. Rec1 Na6 18. b3 h6 19. Ne1 d4 20. exd4 cxd4 21.
Bxb7 Qxb7 22. Rc6 Nb4 23. R6c4 a5 24. a3 Na2 25. Ra1 Nc3 26. Qc6 Qxb3 27. Nf3
Qb2 28. Re1 Ne2+ 29. Kg2 d3 30. a4 Qb3 31. Rd1 0-1

[Event "CAN-op"]
[Site "Windsor CAN"]
[Date "1991.07.19"]
[Round "8"]
[White "Klarner, William"]
[Black "Hergott, Deen"]
[Result "0-1"]
[WhiteElo "2198"]
[BlackElo "2497"]
[PlyCount "66"]
[EventDate "1991.07.13"]
[EventType "swiss"]
[EventRounds "10"]
[EventCountry "CAN"]

1. d4 g6 2. e4 Bg7 3. Nc3 d6 4. f4 c6 5. Nf3 Qb6 6. Be2 Bg4 7. e5 Nh6 8. Ne4
Nf5 9. c3 Nd7 10. Qb3 O-O 11. O-O c5 12. Bb5 Rad8 13. e6 Bxf3 14. Rxf3 Bxd4+
15. cxd4 Nxd4 16. Bxd7 Nxb3 17. Rxb3 Qc7 18. exf7+ Kg7 19. Be8 h6 20. f5 gxf5
21. Rh3 Rfxe8 22. fxe8=N+ Rxe8 23. Bxh6+ Kg6 24. Nc3 Rh8 25. Nd5 Qd8 26. Nf4+
Kf7 27. Rh5 Qd7 28. g4 fxg4 29. Rf1 Ke8 30. Ng6 Rg8 31. Rhf5 Qe6 32. Rf8+ Rxf8
33. Rxf8+ Kd7 0-1

[Event "Cornwall op"]
[Site "Cornwall CAN"]
[Date "1991.04.07"]
[Round "5"]
[White "Hergott, Deen"]
[Black "Brodie, Hugh"]
[Result "1-0"]
[WhiteElo "2452"]
[BlackElo "2030"]
[PlyCount "59"]
[EventDate "1991.04.06"]
[EventType "swiss"]
[EventRounds "5"]
[EventCountry "CAN"]

1. d4 e6 2. c4 f5 3. g3 Nf6 4. Bg2 d5 5. Nf3 c6 6. O-O Bd6 7. Bf4 Bxf4 8. gxf4
O-O 9. Nc3 Ne4 10. Rc1 Nd7 11. e3 Ndf6 12. Ne5 Bd7 13. Ne2 Be8 14. c5 Nd7 15.
Kh1 Qh4 16. Qe1 Nef6 17. f3 Qxe1 18. Rfxe1 Bh5 19. Rc3 Rfc8 20. Ra3 Kf8 21. Kg1
Ke7 22. Kf2 Kd8 23. Nc3 Kc7 24. b4 b6 25. b5 Nxe5 26. fxe5 Nd7 27. bxc6 Kxc6
28. e4 f4 29. Bh3 Re8 30. Bxe6 1-0

[Event "Arnprior op"]
[Site "Arnprior CAN"]
[Date "1991.05.??"]
[Round "?"]
[White "Hergott, Deen"]
[Black "Leveille, Francois"]
[Result "1-0"]
[WhiteElo "2484"]
[BlackElo "2412"]
[PlyCount "61"]
[EventDate "1991.??.??"]
[EventType "swiss"]
[EventRounds "5"]
[EventCountry "CAN"]
[SourceDate "2011.01.01"]

1. g3 d5 2. Bg2 Nf6 3. Nf3 e6 4. O-O Be7 5. d3 O-O 6. Nbd2 c5 7. e4 Nc6 8. Re1
b5 9. e5 Nd7 10. h4 Qc7 11. Qe2 a5 12. Nf1 Ba6 13. Bf4 Nd4 14. Nxd4 cxd4 15.
Qg4 Kh8 16. Re2 a4 17. a3 Bb7 18. Nh2 b4 19. axb4 Bxb4 20. Nf3 a3 21. bxa3 Bc3
22. Rb1 Rxa3 23. Bg5 Rfa8 24. Kh2 Ra1 25. Rxa1 Rxa1 26. Qf4 Nf8 27. h5 h6 28.
Bxh6 gxh6 29. Qxh6+ Kg8 30. Qg5+ Kh7 31. Qf6 1-0

[Event "Toronto"]
[Site "Toronto CAN"]
[Date "1991.??.??"]
[Round "?"]
[White "Hergott, Deen"]
[Black "Neven, Knut"]
[Result "1/2-1/2"]
[WhiteElo "2470"]
[BlackElo "2327"]
[PlyCount "186"]
[EventDate "1991.??.??"]
[EventType "swiss"]
[EventCountry "CAN"]
[SourceDate "2011.01.01"]

1. Nf3 Nf6 2. c4 g6 3. Nc3 c5 4. d4 cxd4 5. Nxd4 Nc6 6. e4 d6 7. Be2 Bg7 8. Be3
O-O 9. O-O Bd7 10. Qd2 Rc8 11. f3 a6 12. Rfd1 Ne5 13. b3 Re8 14. a4 b6 15. Nd5
Rb8 16. Bf1 Nc6 17. Nxc6 Bxc6 18. Rac1 Nd7 19. Qa2 a5 20. Rd2 Nc5 21. Qc2 Rb7
22. Rcd1 Rd7 23. g3 Bxd5 24. cxd5 Rc7 25. Bb5 Rf8 26. Qb1 Qc8 27. Bf1 Qd7 28.
Bb5 Qc8 29. Bf1 Qd7 30. Rc2 Rb8 31. g4 Rf8 32. h4 f5 33. gxf5 gxf5 34. Bh3 e6
35. dxe6 Qxe6 36. Bf4 Be5 37. Bxf5 Rg7+ 38. Rg2 Rxg2+ 39. Kxg2 Qf6 40. Bg5 Qg7
41. Kh3 Kh8 42. Rg1 Qf7 43. Qd1 Qxb3 44. Qxb3 Nxb3 45. Bh6 Rb8 46. Rd1 Nd4 47.
f4 Nxf5 48. exf5 Bg7 49. Bg5 Bf8 50. Rd5 Kg7 51. f6+ Kf7 52. h5 h6 53. Bh4 Ke6
54. Rb5 d5 55. Bf2 Kxf6 56. Kg4 Bc5 57. Bxc5 Rg8+ 58. Kf3 bxc5 59. Rxc5 Rd8 60.
Rxa5 d4 61. Ke2 d3+ 62. Kd2 Rd4 63. Ra6+ Kf5 64. a5 Kxf4 65. Rxh6 Kg5 66. Rc6
Kxh5 67. a6 Ra4 68. Kxd3 Kg5 69. Kc3 Kf5 70. Kb3 Ra1 71. Kb4 Ke5 72. Kb5 Kd5
73. Rc2 Rb1+ 74. Ka5 Ra1+ 75. Kb6 Rb1+ 76. Kc7 Ra1 77. Kb7 Rb1+ 78. Ka8 Kd6 79.
Rc8 Kd7 80. Rb8 Ra1 81. Kb7 Rb1+ 82. Ka8 Ra1 83. a7 Kc7 84. Rb2 Kc8 85. Rc2+
Kd7 86. Kb7 Rb1+ 87. Ka8 Ra1 88. Rb2 Kc7 89. Rc2+ Kd7 90. Rh2 Rb1 91. Rh7+ Kc8
92. Rh8+ Kc7 93. Rh2 Kc8 1/2-1/2

[Event "Lyon op"]
[Site "Lyon FRA"]
[Date "1990.??.??"]
[Round "?"]
[White "Hergott, Deen"]
[Black "Borge, Nikolaj"]
[Result "1/2-1/2"]
[WhiteElo "2380"]
[BlackElo "2330"]
[PlyCount "35"]
[EventDate "1990.12.??"]
[EventType "swiss"]
[EventRounds "11"]
[EventCountry "FRA"]

1. Nf3 Nf6 2. c4 g6 3. Nc3 Bg7 4. d4 O-O 5. e4 d6 6. Be2 e5 7. O-O exd4 8. Nxd4
Re8 9. f3 c6 10. Kh1 Nbd7 11. Bg5 Qb6 12. Nb3 a5 13. Na4 Qc7 14. Qd2 Nb6 15.
Nxb6 Qxb6 16. Be3 Qb4 17. Qc1 a4 18. Nd4 1/2-1/2

[Event "Lyon op"]
[Site "Lyon FRA"]
[Date "1990.??.??"]
[Round "?"]
[White "Praud, Jean Luc"]
[Black "Hergott, Deen"]
[Result "0-1"]
[WhiteElo "2265"]
[BlackElo "2380"]
[PlyCount "122"]
[EventDate "1990.12.??"]
[EventType "swiss"]
[EventRounds "11"]
[EventCountry "FRA"]

1. e4 g6 2. d4 Bg7 3. Nc3 d6 4. Be2 Nf6 5. Nf3 O-O 6. O-O c6 7. h3 Nbd7 8. a4
Qc7 9. Re1 e5 10. Bc4 Nh5 11. Ne2 Ndf6 12. Qd3 d5 13. Nxe5 dxc4 14. Nxc4 Nxe4
15. Qxe4 Bf5 16. Qf3 Bxc2 17. Ne3 Bd3 18. Rd1 Bxe2 19. Qxe2 Rad8 20. Qc4 Rd7
21. Ra3 Rfd8 22. Nc2 Nf4 23. Bxf4 Qxf4 24. Rad3 a5 25. b3 Rd5 26. g3 Qd6 27.
Qc3 c5 28. Ne3 cxd4 29. Qc2 Rc5 30. Nc4 Qe6 31. h4 Re8 32. Qd2 Qe2 33. Qxe2
Rxe2 34. R3d2 Re6 35. Kf1 b5 36. Na3 bxa4 37. bxa4 Rc3 38. Nb5 Rc4 39. Nxd4 Rd6
40. Nb5 Rxd2 41. Rxd2 Rxa4 42. Rd8+ Bf8 43. h5 gxh5 44. Nd4 Rc4 45. Ke2 a4 46.
Kd3 Rb4 47. Ra8 a3 48. Nf5 Rb1 49. Nh6+ Kg7 50. Nf5+ Kf6 51. Rxf8 a2 52. Ra8
a1=Q 53. Rxa1 Rxa1 54. Nh4 Kg5 55. Nf3+ Kg4 56. Ne5+ Kf5 57. Nf3 Ra2 58. Ke3 f6
59. Nh4+ Kg4 60. Ng2 Rb2 61. Nh4 Ra2 0-1

[Event "Olympiad"]
[Site "Novi Sad YUG"]
[Date "1990.11.19"]
[Round "3"]
[White "Hergott, Deen"]
[Black "Kosashvili, Yona"]
[Result "1/2-1/2"]
[WhiteElo "2385"]
[BlackElo "2455"]
[PlyCount "186"]
[EventDate "1990.11.17"]
[EventType "team"]
[EventRounds "14"]
[EventCountry "YUG"]

1. Nf3 Nf6 2. c4 e6 3. g3 b6 4. Bg2 Bb7 5. O-O Be7 6. d4 O-O 7. d5 exd5 8. Nh4
c6 9. cxd5 Nxd5 10. Nf5 Nc7 11. e4 d5 12. Nc3 Bf6 13. exd5 cxd5 14. Bf4 Nba6
15. Rc1 Qd7 16. Bh3 Ne6 17. Ne4 Qd8 18. Nxf6+ Qxf6 19. Bd6 Rfe8 20. f4 Nec5 21.
Be5 Rxe5 22. fxe5 Qxe5 23. Qg4 Kh8 24. Qd4 Qxd4+ 25. Nxd4 Kg8 26. a3 Nd3 27.
Rc2 g6 28. b4 Ne5 29. Re2 Re8 30. Bd7 Re7 31. Rfe1 f6 32. Bc6 Kf7 33. Bxb7 Rxb7
34. Kg2 Nb8 35. Nf3 Nbd7 36. Rd1 Nxf3 37. Kxf3 Ne5+ 38. Kf2 Rd7 39. Rc2 Ng4+
40. Kf3 Ne5+ 41. Ke3 Ke6 42. Kd4 Nc4 43. a4 Kd6 44. Rf2 Rf7 45. Rdf1 Ke6 46.
Re1+ Ne5 47. Rc1 h5 48. Rc8 h4 49. Re8+ Kd7 50. Rh8 hxg3 51. hxg3 Nc6+ 52. Kxd5
Nxb4+ 53. Kc4 Nc6 54. Kb5 Nd4+ 55. Ka6 Ne6 56. Rd2+ Kc7 57. Kb5 Kb7 58. Kb4 Nc5
59. Rdh2 Ne4 60. R2h7 Rxh7 61. Rxh7+ Kc6 62. Rxa7 f5 63. Rf7 Kd6 64. Rg7 g5 65.
Rg6+ Kc7 66. Kb5 Nd6+ 67. Ka6 g4 68. Re6 Kc6 69. Re5 Ne4 70. Re6+ Nd6 71. Re5
Ne4 72. Rxf5 Nc5+ 73. Ka7 Nxa4 74. Rf4 Nc5 75. Rxg4 b5 76. Rg6+ Kc7 77. Rg7+
Kc6 78. Rg6+ Kc7 79. g4 b4 80. Rb6 Nd3 81. Rb5 Kd6 82. Kb6 Ke6 83. Ka5 Ne5 84.
g5 Nd3 85. Ka4 Kf7 86. Rd5 Ne1 87. Kxb4 Kg6 88. Kc3 Nf3 89. Kd3 Nxg5 90. Ke3
Kf6 91. Kf4 Ne6+ 92. Kg4 Ng7 93. Ra5 Ne6 1/2-1/2

[Event "Olympiad"]
[Site "Novi Sad YUG"]
[Date "1990.11.30"]
[Round "12"]
[White "Ker, Anthony"]
[Black "Hergott, Deen"]
[Result "1/2-1/2"]
[WhiteElo "2295"]
[BlackElo "2385"]
[PlyCount "83"]
[EventDate "1990.11.17"]
[EventType "team"]
[EventRounds "14"]
[EventCountry "YUG"]

1. d4 g6 2. c4 Bg7 3. e4 c5 4. d5 d6 5. Bd3 Nf6 6. Nc3 O-O 7. Nge2 e6 8. O-O
exd5 9. exd5 Ng4 10. Bf4 Ne5 11. Qd2 Nbd7 12. b3 Nxd3 13. Qxd3 Ne5 14. Qd2 a6
15. Bh6 Bxh6 16. Qxh6 f5 17. f4 Ng4 18. Qg5 Bd7 19. Qxd8 Rfxd8 20. h3 Ne3 21.
Rf3 Nc2 22. Rc1 Na3 23. Na4 b5 24. Nb6 Rab8 25. Nxd7 Rxd7 26. cxb5 Re7 27. Kf2
Rbe8 28. Ng3 axb5 29. b4 cxb4 30. Rb3 h5 31. h4 Nc4 32. Rxb4 Ne3 33. Rxb5 Ra8
34. Rb2 Nxd5 35. Rd1 Ne3 36. Rxd6 Nc4 37. Rxg6+ Kf7 38. Nxf5 Nxb2 39. Nxe7 Rxa2
40. Rg5 Kxe7 41. Rxh5 Nd3+ 42. Ke3 1/2-1/2

[Event "Olympiad"]
[Site "Novi Sad YUG"]
[Date "1990.12.01"]
[Round "13"]
[White "Hergott, Deen"]
[Black "Ionescu, Constantin"]
[Result "1/2-1/2"]
[WhiteElo "2385"]
[BlackElo "2440"]
[PlyCount "81"]
[EventDate "1990.11.17"]
[EventType "team"]
[EventRounds "14"]
[EventCountry "YUG"]

1. Nf3 Nf6 2. c4 c5 3. Nc3 e6 4. g3 b6 5. Bg2 Bb7 6. O-O a6 7. d4 cxd4 8. Qxd4
d6 9. Bg5 Nbd7 10. Rfd1 Be7 11. Bxf6 Nxf6 12. Na4 O-O 13. Qxb6 Qxb6 14. Nxb6
Rab8 15. c5 dxc5 16. Nc4 Bd5 17. Nfe5 Rfc8 18. b3 Rc7 19. Rac1 Kf8 20. e4 Bxc4
21. Nxc4 Rd8 22. Rxd8+ Bxd8 23. Kf1 Rd7 24. Ke2 Rd4 25. f3 Nd7 26. Rd1 Rxd1 27.
Kxd1 Bf6 28. f4 Bd4 29. Nd2 Ke7 30. Bf1 a5 31. Nf3 Bb2 32. Kc2 Ba1 33. Bb5 Nb6
34. Kb1 Bc3 35. Kc2 Ba1 36. g4 f6 37. Kb1 Bc3 38. Kc2 Ba1 39. Kd3 Kd6 40. h3
Bb2 41. Kc2 1/2-1/2

[Event "Ostend op"]
[Site "Ostend BEL"]
[Date "1990.??.??"]
[Round "?"]
[White "Vladimirov, Evgeny"]
[Black "Hergott, Deen"]
[Result "1-0"]
[WhiteElo "2575"]
[BlackElo "2385"]
[PlyCount "71"]
[EventDate "1990.09.??"]
[EventType "swiss"]
[EventRounds "9"]
[EventCountry "BEL"]
[Source "ChessBase"]
[SourceDate "1997.11.17"]

1. d4 Nf6 2. c4 e6 3. Nf3 Bb4+ 4. Bd2 a5 5. Nc3 d5 6. Bg5 h6 7. Bxf6 Qxf6 8. e3
c6 9. Bd3 Nd7 10. O-O O-O 11. Qc2 Re8 12. Rad1 Bxc3 13. bxc3 dxc4 14. Bxc4 e5
15. Qe4 g6 16. Rd2 Nb6 17. dxe5 Qf5 18. Qd4 Nxc4 19. Qxc4 Be6 20. Qf4 Rad8 21.
Rxd8 Rxd8 22. Qa4 Bd5 23. Qxa5 Re8 24. Nd2 Rxe5 25. Qb4 c5 26. Qb1 Qg4 27. g3
Qh3 28. e4 Rh5 29. Nf3 Be6 30. Qxb7 Bg4 31. Nh4 Rxh4 32. gxh4 Be2 33. Qb8+ Kh7
34. Re1 Qg4+ 35. Qg3 Qxe4 36. h3 1-0

[Event "Berlin Summer op"]
[Site "Berlin GER"]
[Date "1990.08.18"]
[Round "8"]
[White "Hergott, Deen"]
[Black "Welz, Peter"]
[Result "1-0"]
[WhiteElo "2385"]
[BlackElo "2130"]
[PlyCount "105"]
[EventDate "1990.08.11"]
[EventType "swiss"]
[EventRounds "9"]
[EventCountry "GER"]
[Source "ChessBase"]
[SourceDate "1997.11.17"]

1. d4 f5 2. Bg5 g6 3. e4 fxe4 4. Nc3 Nf6 5. h4 d5 6. h5 Bf5 7. Nh3 c6 8. Nf4
Nxh5 9. Rxh5 gxh5 10. Qxh5+ Kd7 11. Bh4 Qe8 12. Qxf5+ e6 13. Qe5 Rg8 14. Nh5
Be7 15. Bxe7 Kxe7 16. Nf6 Nd7 17. Nxg8+ Qxg8 18. Qh5 Nf6 19. Qh4 Rf8 20. O-O-O
Kd7 21. f3 exf3 22. gxf3 Ne8 23. Bd3 Rxf3 24. Qxh7+ Qxh7 25. Bxh7 b6 26. Bd3
Rf4 27. Ne2 Rf2 28. Kd2 Kd6 29. Ke3 Rh2 30. Rf1 c5 31. c3 cxd4+ 32. cxd4 e5 33.
dxe5+ Kxe5 34. Rf5+ Kd6 35. Rf7 Nc7 36. Rh7 Rg2 37. Bf5 b5 38. Kf3 Rg8 39. Rd7+
Kc6 40. Nd4+ Kb6 41. b4 Rh8 42. Rd6+ Kb7 43. Ne6 Nxe6 44. Bxe6 Rf8+ 45. Kg3 Kc7
46. Rd7+ Kb6 47. Bxd5 Rf6 48. Rd8 Kc7 49. Ra8 Ra6 50. Bb3 Rg6+ 51. Kf4 Kb7 52.
Bd5+ Ka6 53. Re8 {2:15-1:51} 1-0

[Event "Ontario op"]
[Site "Guelph CAN"]
[Date "1990.05.??"]
[Round "?"]
[White "Hamilton, Robert"]
[Black "Hergott, Deen"]
[Result "1-0"]
[WhiteElo "2402"]
[BlackElo "2452"]
[PlyCount "108"]
[EventDate "1990.05.??"]
[EventType "swiss"]
[EventRounds "6"]
[EventCountry "CAN"]
[SourceDate "2011.01.01"]

1. d4 c5 2. d5 Nf6 3. c4 d6 4. Nc3 g6 5. g3 Bg7 6. Bg2 O-O 7. Nf3 e6 8. O-O
exd5 9. cxd5 a6 10. a4 Nbd7 11. Nd2 Rb8 12. Nc4 Ne8 13. a5 Ne5 14. Nb6 f5 15.
Nca4 Bd7 16. Nxd7 Qxd7 17. Bd2 Nc7 18. Nb6 Qf7 19. b4 cxb4 20. Bxb4 Nb5 21. Rc1
g5 22. Nc4 Nxc4 23. Rxc4 Rbc8 24. Qd3 Rxc4 25. Qxc4 Qe7 26. e3 Qc7 27. Rc1 f4
28. Bd2 Be5 29. exf4 gxf4 30. gxf4 Bd4 31. Be3 Qg7 32. Kh1 Kh8 33. Bh3 Rg8 34.
Qc8 Bc3 35. Qd7 Qg6 36. f3 Qh5 37. Rf1 Qxd5 38. Bf5 Rg7 39. Be6 Rxd7 40. Bxd5
Bxa5 41. f5 Bd8 42. Be6 Rg7 43. Bh6 Nd4 44. Bd5 Nxf5 45. Bxg7+ Kxg7 46. Bxb7 a5
47. Rc1 Bb6 48. Be4 Ne3 49. Rc6 Bc5 50. Rc7+ Kf6 51. Bxh7 a4 52. h4 a3 53. Bg8
Nf5 54. Rh7 Ng3+ 1-0

[Event "Toronto op"]
[Site "Toronto CAN"]
[Date "1990.04.??"]
[Round "?"]
[White "Johnstone, Glenn"]
[Black "Hergott, Deen"]
[Result "0-1"]
[WhiteElo "2371"]
[BlackElo "2476"]
[PlyCount "66"]
[EventDate "1990.04.??"]
[EventType "swiss"]
[EventRounds "6"]
[EventCountry "CAN"]
[SourceDate "2011.01.01"]

1. e4 e6 2. Nc3 d5 3. d4 Nf6 4. e5 Nfd7 5. f4 c5 6. Nf3 Nc6 7. Be3 cxd4 8. Nxd4
Bc5 9. Qd2 O-O 10. Be2 a6 11. O-O Nxd4 12. Bxd4 Qb6 13. Bxc5 Qxc5+ 14. Kh1 b5
15. Bd3 Bb7 16. Rae1 Rad8 17. Rf3 f6 18. exf6 Nxf6 19. Rxe6 d4 20. Ne4 Nxe4 21.
Bxe4 Rde8 22. b4 Qc8 23. Rxe8 Rxe8 24. Bd3 Bxf3 25. gxf3 Re3 26. Kg2 Qc7 27.
Be4 Qc4 28. Kf2 h6 29. f5 Qc3 30. Qd1 Qxb4 31. Qg1 Qd2+ 32. Kg3 Re1 33. Qf2 Re2
0-1

[Event "Specialiste op"]
[Site "Montreal CAN"]
[Date "1990.01.27"]
[Round "2"]
[White "Hergott, Deen"]
[Black "Charest, Johanne"]
[Result "1-0"]
[WhiteElo "2300"]
[BlackElo "1534"]
[PlyCount "43"]
[EventDate "1990.01.27"]
[EventType "swiss"]
[EventRounds "4"]
[EventCountry "CAN"]

1. d4 d5 2. Nf3 Nf6 3. c4 c6 4. Nc3 e6 5. e3 Bb4 6. a3 Bd6 7. Bd3 dxc4 8. Bxc4
Nbd7 9. e4 e5 10. Bg5 exd4 11. Qxd4 Bc5 12. Qd2 Qc7 13. O-O O-O 14. Bf4 Qd8 15.
Rad1 h6 16. e5 Nh7 17. Bxh6 Qe7 18. Rfe1 Nb6 19. Bd3 Re8 20. Ne4 Bg4 21. Bxg7
Kxg7 22. Nf6 1-0

[Event "RACC ch"]
[Site "Ottawa CAN"]
[Date "1990.01.25"]
[Round "4"]
[White "Hergott, Deen"]
[Black "Pacey, Kevin"]
[Result "1/2-1/2"]
[WhiteElo "2431"]
[BlackElo "2322"]
[PlyCount "59"]
[EventDate "1990.01.04"]
[EventType "swiss"]
[EventRounds "6"]
[EventCountry "CAN"]

1. d4 Nf6 2. Nf3 e6 3. c4 d5 4. g3 c5 5. Bg2 cxd4 6. Nxd4 e5 7. Nc2 d4 8. f4
Nc6 9. Bxc6+ bxc6 10. fxe5 Qa5+ 11. Qd2 Qxe5 12. Qxd4 Qh5 13. Bf4 Be6 14. Nd2
Rd8 15. Qe5 Qg6 16. e4 Bd6 17. Qg5 Bxf4 18. Qxf4 Rxd2 19. Kxd2 Nxe4+ 20. Ke3
O-O 21. Qxe4 Bf5 22. Qf4 Bxc2 23. Kf2 Qh5 24. h4 Qc5+ 25. Kg2 f5 26. Rhe1 Be4+
27. Rxe4 fxe4 28. Qxe4 Qf2+ 29. Kh3 h6 30. Rd1 1/2-1/2

[Event "Chicago op"]
[Site "Chicago USA"]
[Date "1990.??.??"]
[Round "5"]
[White "Hergott, Deen"]
[Black "Gallagher, Joseph"]
[Result "1-0"]
[WhiteElo "2380"]
[BlackElo "2470"]
[PlyCount "41"]
[EventDate "1990.??.??"]
[EventType "swiss"]
[EventRounds "7"]
[EventCountry "USA"]

1. Nf3 c5 2. c4 Nf6 3. Nc3 b6 4. g3 Bb7 5. Bg2 g6 6. O-O Bg7 7. d4 cxd4 8. Qxd4
d6 9. Rd1 Nbd7 10. Qh4 Rc8 11. Bh6 Bxh6 12. Qxh6 Rxc4 13. Nd2 Rxc3 14. bxc3
Bxg2 15. Kxg2 Ne5 16. h3 Qc8 17. Nf3 Qc6 18. Rd4 Kd7 19. Qe3 Nc4 20. Qf4 Ne5
21. Qxe5 1-0

[Event "Chicago op"]
[Site "Chicago USA"]
[Date "1990.??.??"]
[Round "6"]
[White "Donaldson, John"]
[Black "Hergott, Deen"]
[Result "1/2-1/2"]
[WhiteElo "2400"]
[BlackElo "2380"]
[PlyCount "31"]
[EventDate "1990.??.??"]
[EventType "swiss"]
[EventRounds "7"]
[EventCountry "USA"]

1. c4 g6 2. Nc3 Bg7 3. g3 Nc6 4. Bg2 d6 5. Nf3 e5 6. O-O Nh6 7. d3 O-O 8. Rb1
f5 9. Bg5 Qd7 10. Nd5 Kh8 11. b4 Nd8 12. Bxd8 Qxd8 13. b5 f4 14. Nd2 Nf5 15. a4
h5 16. e3 1/2-1/2

[Event "Chicago op"]
[Site "Chicago USA"]
[Date "1990.??.??"]
[Round "7"]
[White "Hergott, Deen"]
[Black "McCambridge, Vincent"]
[Result "1/2-1/2"]
[WhiteElo "2380"]
[BlackElo "2480"]
[PlyCount "101"]
[EventDate "1990.??.??"]
[EventType "swiss"]
[EventRounds "7"]
[EventCountry "USA"]

1. Nf3 c5 2. g3 Nc6 3. Bg2 e5 4. O-O d5 5. c4 Nf6 6. cxd5 Nxd5 7. Nc3 Nc7 8. d3
Be7 9. Nd2 Bd7 10. Nc4 O-O 11. Bxc6 Bxc6 12. Nxe5 Be8 13. e4 Kh8 14. f4 Qd4+
15. Kg2 Rd8 16. Qe2 f6 17. Be3 Qd6 18. Nc4 Qxd3 19. Qxd3 Rxd3 20. Rad1 Rxd1 21.
Rxd1 b6 22. Nd6 Bh5 23. Rd2 Rd8 24. Ndb5 Rxd2+ 25. Bxd2 Nxb5 26. Nxb5 a6 27.
Nc7 Bd6 28. Nd5 b5 29. Ba5 Bf7 30. Bc7 Bf8 31. f5 Kg8 32. Kf3 c4 33. a3 Bc5 34.
Bb6 Bxb6 35. Nxb6 Kf8 36. Nd7+ Ke7 37. Nc5 a5 38. Ke3 Kd6 39. Kd4 Kc6 40. Ne6
Kd6 41. Nxg7 b4 42. axb4 axb4 43. Ne6 c3 44. bxc3 b3 45. Kd3 Bh5 46. c4 Be2+
47. Kc3 Bxc4 48. Nd4 b2 49. Kxb2 Bd3 50. Kc3 Bxe4 51. Kd2 1/2-1/2

[Event "Ottawa op"]
[Site "Ottawa CAN"]
[Date "1990.??.03"]
[Round "?"]
[White "O'Donnell, Tom"]
[Black "Hergott, Deen"]
[Result "1-0"]
[WhiteElo "2481"]
[BlackElo "2452"]
[PlyCount "81"]
[EventDate "1990.??.??"]
[EventType "swiss"]
[EventRounds "5"]
[EventCountry "CAN"]
[SourceDate "2011.01.01"]

1. e4 c5 2. Nf3 Nc6 3. d4 cxd4 4. Nxd4 Nf6 5. Nc3 d6 6. Bg5 Bd7 7. Qd2 Nxd4 8.
Qxd4 Qa5 9. f4 h6 10. Bxf6 gxf6 11. O-O-O Rc8 12. Be2 Rg8 13. Bf3 Qc5 14. Qd2
h5 15. Kb1 Bh6 16. g3 Bc6 17. Qe2 h4 18. Nd5 Bb5 19. Qd2 Bg7 20. Ne3 Bd7 21.
Rhg1 Bh6 22. Nd5 Be6 23. g4 Bxd5 24. exd5 f5 25. g5 Bg7 26. c3 Qb6 27. Ka1 a5
28. Rc1 a4 29. a3 Rc4 30. Rge1 Kd8 31. Bg2 h3 32. Bxh3 Rh8 33. Bxf5 Rh4 34. Rf1
Qc5 35. Rc2 b5 36. Bd3 b4 37. Bxc4 Qxc4 38. Qe2 Qb3 39. cxb4 Qxa3+ 40. Kb1 Qxb4
41. Rfc1 1-0

[Event "Autumn Frost"]
[Site "Ottawa CAN"]
[Date "1989.11.23"]
[Round "4"]
[White "Hergott, Deen"]
[Black "Pacey, Kevin"]
[Result "0-1"]
[WhiteElo "2451"]
[BlackElo "2322"]
[PlyCount "87"]
[EventDate "1989.11.02"]
[EventType "tourn"]
[EventRounds "5"]
[EventCountry "CAN"]

1. Nf3 g6 2. d4 Bg7 3. c3 c5 4. dxc5 Na6 5. Be3 Qc7 6. Na3 Nxc5 7. Nb5 Qa5 8.
a4 Ne6 9. Qd5 Kf8 10. b4 Qd8 11. a5 Nc7 12. Nxc7 Qxc7 13. Rc1 Nf6 14. Qc5 Qxc5
15. Bxc5 d6 16. Be3 Ng4 17. Bd2 b6 18. Ra1 Bb7 19. a6 Bd5 20. Nd4 Ne5 21. f3 f5
22. e3 Kf7 23. Be2 Rhc8 24. O-O Kg8 25. Rae1 Bf6 26. g4 fxg4 27. f4 Nf3+ 28.
Nxf3 gxf3 29. Bxf3 Bxf3 30. Rxf3 Bxc3 31. Bxc3 Rxc3 32. f5 Rf8 33. f6 Rxf6 34.
Rxf6 exf6 35. Rd1 Rxe3 36. Rxd6 Kf7 37. Rd7+ Re7 38. Rb7 Ke6 39. Kf2 Kd6 40.
Rb8 Kc6 41. Kf3 Rc7 42. h4 Kb5 43. Rb7 Rc3+ 44. Ke4 0-1

[Event "Eastern Ontario op"]
[Site "Ottawa CAN"]
[Date "1989.09.02"]
[Round "2"]
[White "Hergott, Deen"]
[Black "Pacey, Kevin"]
[Result "1-0"]
[WhiteElo "2467"]
[BlackElo "2305"]
[PlyCount "81"]
[EventDate "1989.09.02"]
[EventType "swiss"]
[EventRounds "6"]
[EventCountry "CAN"]

1. Nf3 Nf6 2. c4 e6 3. g3 b6 4. Bg2 Bb7 5. O-O Be7 6. Nc3 O-O 7. d4 Ne4 8. Qc2
Nxc3 9. Qxc3 Be4 10. Bf4 Bf6 11. Rfd1 d6 12. Qe3 Bb7 13. Rac1 Qe7 14. c5 bxc5
15. dxc5 d5 16. h4 Nc6 17. b4 e5 18. Bg5 Qe6 19. Bxf6 gxf6 20. Kh2 Bc8 21. b5
Ne7 22. Ng1 d4 23. Qa3 Rb8 24. Qxa7 Rxb5 25. Qxc7 Nf5 26. Bh3 Qxa2 27. Qc6 Rb2
28. Qxf6 Rxe2 29. Nxe2 Qxe2 30. Kg1 Nxg3 31. Qg5+ Kh8 32. Qf6+ Kg8 33. Re1 Qd3
34. Rxe5 Ne2+ 35. Rxe2 Qxe2 36. Qg5+ Kh8 37. Qf6+ Kg8 38. Kh2 Bxh3 39. Rg1+ Bg4
40. Qg5+ Kh8 41. Rxg4 1-0

[Event "CAN-op"]
[Site "Edmonton CAN"]
[Date "1989.07.17"]
[Round "4"]
[White "Gardner, Robert"]
[Black "Hergott, Deen"]
[Result "1-0"]
[WhiteElo "2236"]
[BlackElo "2467"]
[PlyCount "103"]
[EventDate "1989.07.15"]
[EventType "swiss"]
[EventRounds "10"]
[EventCountry "CAN"]

1. e4 g6 2. d4 Bg7 3. Nc3 d6 4. Nf3 a6 5. a4 Bg4 6. Be2 Nc6 7. Be3 e5 8. dxe5
dxe5 9. Qxd8+ Rxd8 10. Nd5 Rd7 11. b4 Nge7 12. b5 Nd4 13. Nxd4 exd4 14. Bxg4 f5
15. Bg5 Nxd5 16. exf5 h5 17. Bh3 Bf6 18. Bxf6 Nxf6 19. fxg6 Re7+ 20. Kf1 axb5
21. axb5 O-O 22. Bf5 Ng4 23. Bxg4 hxg4 24. Re1 Rxe1+ 25. Kxe1 Rf5 26. b6 cxb6
27. Ke2 Rc5 28. Kd3 Kg7 29. Rb1 Rc3+ 30. Kxd4 Rxc2 31. Ke3 Rc6 32. Kf4 Rxg6 33.
Kg3 Kh6 34. Rb5 Rf6 35. Rb4 Kh5 36. Rxg4 b5 37. Rb4 Rg6+ 38. Kf3 Rf6+ 39. Rf4
Rb6 40. Rb4 Rf6+ 41. Ke2 Re6+ 42. Kf1 Re5 43. h4 Kg6 44. g4 Rc5 45. Kg2 Kf6 46.
f4 Kg6 47. h5+ Kh6 48. Kf3 Rc3+ 49. Ke4 Rc5 50. Kd4 b6 51. Ke4 Rc4+ 52. Rxc4
1-0